000 00740nam a2200241Ia 4500
003 OSt
005 20220926001316.0
006 a|||||r|||| 00| 0
007 ta
008 220923b |||||||| |||| 00| 0 eng d
037 _cGeneral Book
040 _aRTL
_cRTL
_beng
041 _2eng
_aeng
082 _aX71:8F.2.N86<N85r, M6/GD
110 _aINDIA, DEFENCE (Ministry of-)
_9303795
245 0 _aPublic accounts committee (1985-86)
_b 29th report.
260 _a New Delhi
_bLok Sabha secretariat
_c1986
300 _avi,51p.
_ccm.
500 _aAppendix :44-51p.
700 _aINDIA, DEFENCE (Ministry of-)
_9303796
942 _hX71:8F.2.N86<N85r, M6/GD
_cGB
_2CC
999 _c601232
_d601232